书目信息 |
| 题名: |
湿生鸢尾
|
|
| 作者: | 胡永红 , 肖月娥 著 | |
| 分册: | ||
| 出版信息: | 北京 科学出版社 2012 |
|
| 页数: | 209页 | |
| 开本: | 26cm | |
| 丛书名: | ||
| 单 册: | ||
| 中图分类: | S682.1 | |
| 科图分类: | ||
| 主题词: | 鸢尾科--品种--上海 , 鸢尾--观赏园艺--上海 , 品种 , 观赏园艺 , 鸢尾科 | |
| 电子资源: | ||
| ISBN: | 978-7-03-034877-7 | |
| 000 | 01116nam0 2200301 45 | |
| 001 | 1355412046 | |
| 005 | 20130513150251.17 | |
| 010 | @a978-7-03-034877-7@dCNY98.00 | |
| 100 | @a20130108d2012 em y0chiy50 ea | |
| 101 | 0 | @achi |
| 102 | @aCN@b110000 | |
| 105 | @aa z 000yy | |
| 106 | @ar | |
| 200 | 1 | @a湿生鸢尾@AShi Sheng Yuan Wei@e品种赏析、栽培及应用@EPin Zhong Shang Xi、 Zai Pei Ji Ying Yong@f胡永红,肖月娥著@FHu Yong Hong, Xiao Yue E Zhu |
| 210 | @a北京@c科学出版社@d2012 | |
| 215 | @a209页@c彩图@d26cm | |
| 330 | @a本书共分为七章,主要涉及在上海水网地带能够适生的湿生型鸢尾类群。梳理了该属植物学和园艺学分类系统,并提出我国分类系统的倾向性意见;介绍了国内鸢尾属资源状况;鸢尾主要园艺类群等内容。 | |
| 517 | 1 | @a品种赏析、栽培及应用@APin Zhong Shang Xi、 Zai Pei Ji Ying Yong |
| 606 | 0 | @a鸢尾科@x品种@y上海 |
| 606 | 0 | @a鸢尾@x观赏园艺@y上海 |
| 606 | 0 | @a品种 |
| 606 | 0 | @a观赏园艺 |
| 606 | 0 | @a鸢尾科 |
| 690 | @aS682.1@v5 | |
| 701 | 0 | @a胡永红@AHu Yong Hong@c(植物)@4著 |
| 701 | 0 | @a肖月娥@AXiao Yue E@4著 |
| 801 | @aCN@bTANGWEI@c20130111 | |
| 905 | @b0831123-25@dS682.1@e252@f3 | |
| 湿生鸢尾:品种赏析、栽培及应用/胡永红,肖月娥著.-北京:科学出版社,2012 |
| 209页:彩图;26cm |
| ISBN 978-7-03-034877-7:CNY98.00 |
| 本书共分为七章,主要涉及在上海水网地带能够适生的湿生型鸢尾类群。梳理了该属植物学和园艺学分类系统,并提出我国分类系统的倾向性意见;介绍了国内鸢尾属资源状况;鸢尾主要园艺类群等内容。 |
| ● |
| 相关链接 |
|
|
|
|
正题名:湿生鸢尾
索取号:S682.1/252
 
预约/预借
| 序号 | 登录号 | 条形码 | 馆藏地/架位号 | 状态 | 备注 |
| 1 | 0831123 | 208311236 | 第二样本阅览室/ [索取号:S682.1/252] | 在馆 | |
| 2 | 0831124 | 208311245 | 第三借阅区/ [索取号:S682.1/252] | 在馆 | |
| 3 | 0831125 | 208311254 | 第三借阅区/ [索取号:S682.1/252] | 在馆 |